000 00940cam a2200193 a 4500
020 _a0784401012
082 0 0 _a624.1762
_bLIF
_cL-39, P-198
245 1 0 _aLifeline earthquake engineering :
_bproceedings of the Fourth U.S. Conference ; San Francisco, California, August 10-12, 1995 /
_csponsored by the Technical Council on Lifeline Earthquake Engineering of the American Society of Civil Engineers ; edited by Michael J. O'Rourke.
260 _aNew York :
_bAmerican Society of Civil Engineers,
_cc1995.
300 _ax, 813 p. :
_bill., maps ;
_c22 cm.
490 1 _aMonograph / Technical Council on Lifeline Earthquake Engineering ;
526 _a0
_b0
_c0
_d624_176200000000000_LIF
526 _a0
_b0
_c0
_d624_176200000000000_LIF
650 0 _aLifeline earthquake engineering
_xCongresses.
_946768
650 0 _aMCE
_9379
700 1 _aO'Rourke, Michael J.
_947360
710 2 _aAmerican Society of Civil Engineers.
_9702
942 _2ddc
_cBK
999 _c550630
_d550630